000
00322 a2200145 4500
001
153547
040
_c
Escola São Tomás de Aquino
100
_a
MACHADO, Ana Maria
240
1
0
_a
Do outro mundo
_l
por
245
1
0
_a
Do outro mundo
362
0
_a
2002
440
1
_a
Ática
697
_a
*LITERATURA JUVENIL
942
_c
BK
999
_c
153547
_d
153547